[Event "Robin Girard mem"]
[Site "Quebec CAN"]
[Date "2009.09.05"]
[Round "3"]
[White "Bourassa, Andre"]
[Black "Doyon, Stephane"]
[Result "1-0"]
[WhiteElo "1740"]
[BlackElo "1530"]
[PlyCount "47"]
[GameId "2160767910093033"]
[EventDate "2009.09.04"]
[EventType "swiss"]
[EventRounds "5"]
[EventCountry "CAN"]

1. d4 Nf6 2. c4 g6 3. Nc3 Bg7 4. e4 d6 5. f4 c5 6. dxc5 Qa5 7. cxd6 exd6 8. Bd2 Nc6 9. Nb5 Qd8 10. Bc3 O-O 11. Nxd6 Nxe4 12. Nxe4 Re8 13. Qxd8 Nxd8 14. O-O-O Bg4 15. Re1 Bxc3 16. bxc3 Re6 17. h3 Bf5 18. Bd3 Bxe4 19. Bxe4 Rd6 20. Bd5 Rc8 21. Re8+ Kg7 22. Ne2 b5 23. Rd1 bxc4 24. Rd4 1-0

[Event "Robin Girard mem"]
[Site "Quebec CAN"]
[Date "2009.09.05"]
[Round "3"]
[White "Cote, Jocelyn"]
[Black "Masse, Hugues"]
[Result "0-1"]
[WhiteElo "1687"]
[BlackElo "2258"]
[PlyCount "64"]
[GameId "2160767910093034"]
[EventDate "2009.09.04"]
[EventType "swiss"]
[EventRounds "5"]
[EventCountry "CAN"]
[SourceTitle "hb 2009.10"]

1. e4 e6 2. d3 d5 3. Nd2 Nf6 4. g3 c5 5. Ngf3 Nc6 6. Bg2 Be7 7. O-O O-O 8. e5 Nd7 9. Re1 f6 10. exf6 Bxf6 11. Rxe6 Nde5 12. Nxe5 Bxe6 13. Nxc6 bxc6 14. c3 Bf5 15. Nf1 Qd7 16. Bf4 Be7 17. d4 Bd6 18. Be5 Rab8 19. b3 Be6 20. f4 cxd4 21. cxd4 Bxe5 22. dxe5 c5 23. Rc1 Rbc8 24. Ne3 Rfd8 25. Qf1 d4 26. f5 dxe3 27. fxe6 Qxe6 28. Bh3 Qxe5 29. Bxc8 e2 30. Qe1 Qe3+ 31. Kg2 Rxc8 32. Rc3 Qe4+ 0-1

[Event "Robin Girard mem"]
[Site "Quebec CAN"]
[Date "2009.09.06"]
[Round "4"]
[White "Bolduc, Steve"]
[Black "Schommer, Philippe"]
[Result "1-0"]
[WhiteElo "2264"]
[BlackElo "1779"]
[PlyCount "75"]
[GameId "2160767910093035"]
[EventDate "2009.09.04"]
[EventType "swiss"]
[EventRounds "5"]
[EventCountry "CAN"]
[SourceTitle "hb 2009.10"]

1. c4 e5 2. Nc3 Nc6 3. Nf3 f5 4. d3 Nf6 5. g3 Bc5 6. Bg2 f4 7. gxf4 d6 8. fxe5 dxe5 9. Bg5 O-O 10. Qd2 Qd6 11. Bxf6 Rxf6 12. O-O-O Rg6 13. Ng5 Ne7 14. Be4 Bf5 15. Bxf5 Nxf5 16. Nge4 Qf8 17. Rhg1 Ra6 18. Nxc5 Qxc5 19. Ne4 Qe7 20. Rg5 Rf8 21. Kb1 Rh6 22. Rh1 a6 23. e3 Nd6 24. Rg2 Nxe4 25. dxe4 Rd6 26. Qc2 Rfd8 27. f4 Rd3 28. Rhg1 Rxe3 29. Rxg7+ Qxg7 30. Rxg7+ Kxg7 31. Qg2+ Kh8 32. fxe5 Rg8 33. Qf2 Rxe4 34. Qf6+ Rg7 35. h4 Re1+ 36. Kc2 h5 37. Kd2 Re4 38. Qf8+ 1-0

[Event "Robin Girard mem"]
[Site "Quebec CAN"]
[Date "2009.09.06"]
[Round "4"]
[White "Laflamme, Simon"]
[Black "Beaudoin, Stephane"]
[Result "0-1"]
[WhiteElo "1875"]
[BlackElo "2114"]
[PlyCount "64"]
[GameId "2160767910093036"]
[EventDate "2009.09.04"]
[EventType "swiss"]
[EventRounds "5"]
[EventCountry "CAN"]
[SourceTitle "hb 2009.10"]

1. d4 Nf6 2. c4 g6 3. Nc3 Bg7 4. e4 d6 5. f4 O-O 6. Nf3 c5 7. d5 e6 8. Be2 exd5 9. cxd5 b5 10. Bxb5 Nxe4 11. Nxe4 Qa5+ 12. Kf2 Qxb5 13. Nxd6 Qb6 14. Nxc8 Rxc8 15. Rb1 Nd7 16. Re1 Qd6 17. Bd2 Nb6 18. g3 Qxd5 19. a3 Qf5 20. Bc3 Rd8 21. Qc1 Bxc3 22. Qxc3 Rd3 23. Qe5 Qd7 24. Qe7 Qd5 25. Qe4 Qb3 26. Re2 Rad8 27. Rbe1 Nd5 28. Ne5 Rd4 29. Qf3 Qb6 30. f5 g5 31. g4 Rf4 32. Qxf4 Nxf4 0-1

[Event "Robin Girard mem"]
[Site "Quebec CAN"]
[Date "2009.09.06"]
[Round "4"]
[White "Rainfray, Arnaud"]
[Black "Masse, Hugues"]
[Result "1/2-1/2"]
[WhiteElo "2387"]
[BlackElo "2258"]
[PlyCount "74"]
[GameId "2160767910093037"]
[EventDate "2009.09.04"]
[EventType "swiss"]
[EventRounds "5"]
[EventCountry "CAN"]
[SourceTitle "EXT 2011"]
[Source "ChessBase"]
[SourceDate "2011.11.26"]
[SourceVersion "1"]
[SourceVersionDate "2011.11.26"]
[SourceQuality "1"]

1. g3 g6 2. Bg2 Bg7 3. e4 c5 4. Nc3 Nc6 5. d3 d6 6. f4 e6 7. Nf3 Nge7 8. O-O O-O 9. Be3 b6 10. Qd2 Bb7 11. g4 f5 12. h3 Qd7 13. Rae1 Rae8 14. Kh2 Kh8 15. Qf2 e5 16. Qh4 Nd4 17. Ng5 h6 18. fxe5 Bxe5+ 19. Kh1 Bg7 20. gxf5 gxf5 21. Rf2 Kg8 22. Nf3 fxe4 23. dxe4 Qe6 24. Qh5 Qg6 25. Qxg6 Nxg6 26. Kg1 Nxf3+ 27. Rxf3 Nh4 28. Rxf8+ Rxf8 29. Nd5 Kh7 30. c3 Be5 31. Rf1 Rxf1+ 32. Bxf1 Nf3+ 33. Kf2 Ng5 34. Bxg5 hxg5 35. Be2 Kg6 36. Bg4 Kf7 37. Ke3 Bxd5 1/2-1/2

[Event "Robin Girard mem"]
[Site "Quebec CAN"]
[Date "2009.09.06"]
[Round "5"]
[White "Beaudoin, Stephane"]
[Black "Rainfray, Arnaud"]
[Result "0-1"]
[WhiteElo "2114"]
[BlackElo "2387"]
[PlyCount "88"]
[GameId "2160767910093038"]
[EventDate "2009.09.04"]
[EventType "swiss"]
[EventRounds "5"]
[EventCountry "CAN"]
[SourceTitle "EXT 2011"]
[Source "ChessBase"]
[SourceDate "2011.11.26"]
[SourceVersion "1"]
[SourceVersionDate "2011.11.26"]
[SourceQuality "1"]

1. e4 c5 2. Nf3 Nc6 3. d4 cxd4 4. Nxd4 Nf6 5. Nxc6 bxc6 6. Bd3 g6 7. O-O d6 8. Qe2 Bg7 9. Nc3 O-O 10. Bd2 Rb8 11. Rab1 Nd7 12. f4 Nc5 13. Bc4 Rb4 14. b3 Be6 15. Bxe6 Nxe6 16. Na4 Rb8 17. Rbd1 c5 18. c4 Qd7 19. Qd3 Nd4 20. f5 Qb7 21. Nc3 Rfe8 22. Rde1 Nc6 23. Qh3 Ne5 24. Bh6 Bh8 25. Bg5 Qd7 26. Nd5 Rb7 27. Qh4 h5 28. h3 e6 29. fxe6 fxe6 30. Nf6+ Bxf6 31. Rxf6 Qg7 32. Ref1 Rf7 33. Rxf7 Nxf7 34. Bf6 Qh6 35. Qf2 e5 36. h4 Re6 37. Bg5 Qf8 38. Qd2 Qa8 39. Qe3 Kg7 40. Bf6+ Rxf6 41. Rxf6 Kxf6 42. Qf3+ Kg7 43. g4 hxg4 44. Qxg4 Qh8 0-1

[Event "Robin Girard mem"]
[Site "Quebec CAN"]
[Date "2009.09.06"]
[Round "5"]
[White "Masse, Hugues"]
[Black "Bolduc, Steve"]
[Result "1-0"]
[WhiteElo "2258"]
[BlackElo "2264"]
[PlyCount "54"]
[GameId "2160767910093039"]
[EventDate "2009.09.04"]
[EventType "swiss"]
[EventRounds "5"]
[EventCountry "CAN"]
[SourceTitle "hb 2009.10"]

1. d4 Nf6 2. c4 e6 3. Nc3 Bb4 4. Qc2 c5 5. dxc5 O-O 6. a3 Bxc5 7. Nf3 h6 8. h3 d5 9. cxd5 exd5 10. e3 Nc6 11. Be2 Be6 12. O-O Rc8 13. Nb5 Bb6 14. Qd1 Ne4 15. Nbd4 Qf6 16. Nxc6 bxc6 17. Nd4 c5 18. Nxe6 fxe6 19. Bf3 Ng5 20. Bg4 Rce8 21. Rb1 c4 22. Bd2 Ne4 23. Bf3 Nxd2 24. Qxd2 Qg5 25. Qe2 Rf6 26. Bg4 Ref8 27. Kh1 Bxe3 1-0

[Event "Rodgers mem."]
[Site "Ottawa CAN"]
[Date "2009.09.24"]
[Round "1"]
[White "Dougherty, Doug"]
[Black "Pacey, Kevin"]
[Result "0-1"]
[WhiteElo "1920"]
[BlackElo "2354"]
[PlyCount "56"]
[GameId "2160767910096661"]
[EventDate "2009.09.24"]
[EventType "swiss"]
[EventRounds "6"]
[EventCountry "CAN"]

1. e4 e5 2. Nf3 Nc6 3. Bb5 a6 4. Ba4 Nf6 5. O-O Be7 6. Re1 b5 7. Bb3 O-O 8. c3 d5 9. exd5 Nxd5 10. Nxe5 Nxe5 11. Rxe5 c6 12. d4 Bd6 13. Re1 Qh4 14. g3 Qh3 15. Qd3 Bg4 16. Bd1 Rae8 17. Qf1 Qxf1+ 18. Rxf1 Bh3 19. a4 Re6 20. Bf3 Bxf1 21. Kxf1 Rfe8 22. Bd2 f5 23. axb5 axb5 24. Na3 Ra8 25. Re1 Rxe1+ 26. Kxe1 Bxa3 27. bxa3 Rxa3 28. h4 Nxc3 0-1

[Event "Rodgers mem."]
[Site "Ottawa CAN"]
[Date "2009.10.01"]
[Round "2"]
[White "Pacey, Kevin"]
[Black "De Kerpel, Stijn"]
[Result "1/2-1/2"]
[WhiteElo "2354"]
[BlackElo "2141"]
[PlyCount "58"]
[GameId "2160767910096662"]
[EventDate "2009.09.24"]
[EventType "swiss"]
[EventRounds "6"]
[EventCountry "CAN"]

1. d4 g6 2. e4 Bg7 3. Nc3 d6 4. f4 a6 5. Nf3 Nd7 6. Bc4 e6 7. a4 Nb6 8. Bd3 Ne7 9. O-O c5 10. dxc5 dxc5 11. a5 Nd7 12. f5 Ne5 13. Nxe5 Bxe5 14. Bh6 Nxf5 15. Rxf5 gxf5 16. Qh5 c4 17. Be2 Qf6 18. exf5 Qxf5 19. Qh4 Bf6 20. Qxc4 Bd7 21. Ne4 Be7 22. Rd1 Rg8 23. Rxd7 Kxd7 24. Qa4+ Kc8 25. Be3 Qd5 26. Bf3 Kb8 27. Nd2 Qd6 28. Nc4 Qb4 29. Bf4+ Ka7 1/2-1/2

[Event "Rodgers mem."]
[Site "Ottawa CAN"]
[Date "2009.10.08"]
[Round "3"]
[White "Marghetis, Aris"]
[Black "Pacey, Kevin"]
[Result "0-1"]
[WhiteElo "1966"]
[BlackElo "2354"]
[PlyCount "66"]
[GameId "2160767910096663"]
[EventDate "2009.09.24"]
[EventType "swiss"]
[EventRounds "6"]
[EventCountry "CAN"]

1. e4 c6 2. d3 d5 3. Nd2 e5 4. g3 Bd6 5. Bg2 Ne7 6. Ngf3 O-O 7. O-O d4 8. Nh4 g5 9. Nf5 Nxf5 10. exf5 Bxf5 11. Be4 Bg6 12. Bxg6 hxg6 13. Ne4 Be7 14. f4 gxf4 15. gxf4 f5 16. Ng5 Bxg5 17. fxg5 Kg7 18. Qe2 Nd7 19. Kg2 Rh8 20. Qf2 Nb6 21. Rh1 f4 22. h4 Nd5 23. Qf3 Ne3+ 24. Bxe3 dxe3 25. Rag1 Qd5 26. Qxd5 cxd5 27. Kf3 Kf7 28. d4 Ke6 29. Rg4 exd4 30. Rxf4 Raf8 31. Rxf8 Rxf8+ 32. Ke2 Rf2+ 33. Kd3 Rd2# 0-1

[Event "Rodgers mem."]
[Site "Ottawa CAN"]
[Date "2009.10.15"]
[Round "4"]
[White "Upper, John"]
[Black "Pacey, Kevin"]
[Result "0-1"]
[WhiteElo "2170"]
[BlackElo "2354"]
[PlyCount "90"]
[GameId "2160767910096664"]
[EventDate "2009.09.24"]
[EventType "swiss"]
[EventRounds "6"]
[EventCountry "CAN"]

1. d4 Nf6 2. Nf3 e6 3. c3 b6 4. Bg5 Bb7 5. Nbd2 Be7 6. Qc2 d5 7. e3 Nbd7 8. Ne5 h6 9. Bxf6 gxf6 10. Nef3 f5 11. h3 h5 12. O-O-O Bd6 13. Bd3 c6 14. g3 Qc7 15. Ng5 Nf6 16. f4 c5 17. Ndf3 c4 18. Be2 Ne4 19. Nxe4 fxe4 20. Ne5 O-O-O 21. g4 hxg4 22. hxg4 f6 23. Ng6 Rxh1 24. Rxh1 Rg8 25. Qd1 Rxg6 26. Rh8+ Kd7 27. Rh7+ Be7 28. Qh1 Qd8 29. Qh5 Rg8 30. g5 f5 31. g6 Kd6 32. Qh6 Bc6 33. Bh5 Qf8 34. Qxf8 Bxf8 35. Rxa7 Be7 36. b3 cxb3 37. axb3 Bd7 38. Ra2 Bf6 39. Kd1 Rh8 40. Rg2 Rxh5 41. g7 Bxg7 42. Rxg7 Rh1+ 43. Kd2 Rh2+ 44. Kd1 Rb2 45. b4 Ba4+ 0-1

[Event "Rodgers mem."]
[Site "Ottawa CAN"]
[Date "2009.10.22"]
[Round "5"]
[White "Pacey, Kevin"]
[Black "Barclay, Wayne"]
[Result "1/2-1/2"]
[WhiteElo "2354"]
[BlackElo "2224"]
[PlyCount "117"]
[GameId "2160767910096665"]
[EventDate "2009.09.24"]
[EventType "swiss"]
[EventRounds "6"]
[EventCountry "CAN"]

1. e4 e5 2. Nf3 Nc6 3. Bc4 Nf6 4. d4 exd4 5. e5 d5 6. Bb5 Ne4 7. Nxd4 Bd7 8. Bxc6 bxc6 9. O-O Bc5 10. Be3 Bb6 11. Nd2 Qh4 12. Nxe4 Qxe4 13. Re1 Qg6 14. e6 fxe6 15. Nf3 Qf6 16. Ne5 Qxe5 17. Bxb6 Qd6 18. Bd4 O-O 19. Be5 Qb4 20. a3 Qh4 21. Qd2 Rac8 22. f4 Qe7 23. Qa5 Be8 24. Qxa7 c5 25. a4 Bg6 26. a5 Bxc2 27. Rec1 Be4 28. Qxc5 Qh4 29. Ra3 c6 30. a6 Rf7 31. a7 Qg4 32. Rg3 Qe2 33. Ra1 Ra8 34. Bb8 Qxb2 35. Rf1 Qb5 36. Qd6 Qb6+ 37. Kh1 Bf5 38. Rc3 Rfxa7 39. Bxa7 Qxa7 40. Rxc6 Qf2 41. Qd8+ Rxd8 42. Rxf2 Rd7 43. Kg1 Kf7 44. Rd2 Rb7 45. Kf2 Kf6 46. Ra6 h6 47. g3 Be4 48. Rda2 g5 49. fxg5+ hxg5 50. Rd6 Ke5 51. Rd8 Rh7 52. Ke3 g4 53. Rf2 Rb7 54. Rd2 Rb3+ 55. Ke2 Rb1 56. Rh8 Rh1 57. Rh5+ Kd6 58. Ra2 Bf5 59. Ke3 1/2-1/2

[Event "Rodgers mem."]
[Site "Ottawa CAN"]
[Date "2009.10.29"]
[Round "6"]
[White "Pacey, Kevin"]
[Black "Qin, Zi Yi (Joey)"]
[Result "1-0"]
[WhiteElo "2354"]
[BlackElo "2216"]
[PlyCount "43"]
[GameId "2160767910096666"]
[EventDate "2009.09.24"]
[EventType "swiss"]
[EventRounds "6"]
[EventCountry "CAN"]

1. d4 Nf6 2. c4 g6 3. Nc3 Bg7 4. e4 d6 5. Be2 O-O 6. Bg5 c5 7. d5 h6 8. Bf4 Qb6 9. Qd2 Kh7 10. h4 e6 11. dxe6 Bxe6 12. Nf3 Nc6 13. Ng5+ hxg5 14. hxg5+ Kg8 15. gxf6 Bxf6 16. O-O-O Na5 17. Bg5 Bd4 18. Qf4 f6 19. Rxd4 cxd4 20. Bxf6 dxc3 21. Rh8+ Kf7 22. Bd8+ 1-0

[Event "Scarborough CC Falling Leaves"]
[Site "Toronto CAN"]
[Date "2009.11.05"]
[Round "1"]
[White "Al Ganabi, Haqi"]
[Black "Smith, Maurice"]
[Result "1-0"]
[WhiteElo "1915"]
[BlackElo "1654"]
[PlyCount "43"]
[GameId "2160767910030429"]
[EventDate "2009.11.05"]
[EventType "swiss"]
[EventRounds "7"]
[EventCountry "CAN"]
[SourceTitle "EXT 2011"]
[Source "ChessBase"]
[SourceDate "2011.11.26"]
[SourceVersion "1"]
[SourceVersionDate "2011.11.26"]
[SourceQuality "1"]

1. e4 e5 2. f4 Bc5 3. Nf3 d6 4. Bc4 Nf6 5. Nc3 Nc6 6. f5 O-O 7. d3 Na5 8. Bg5 Nxc4 9. dxc4 c6 10. Qd3 Qc7 11. Bxf6 gxf6 12. O-O-O Rd8 13. Na4 Bd7 14. Nxc5 dxc5 15. Qe3 Kg7 16. Qxc5 b6 17. Qe7 Rac8 18. Rd6 b5 19. Qxf6+ Kg8 20. Rhd1 Qb6 21. Qg5+ Kh8 22. Nxe5 1-0

[Event "Scarborough CC Falling Leaves"]
[Site "Toronto CAN"]
[Date "2009.11.05"]
[Round "1"]
[White "Armstrong, Robert J"]
[Black "Hall, John2"]
[Result "0-1"]
[WhiteElo "1829"]
[BlackElo "2270"]
[PlyCount "68"]
[GameId "2160767910030430"]
[EventDate "2009.11.05"]
[EventType "swiss"]
[EventRounds "7"]
[EventCountry "CAN"]
[SourceTitle "EXT 2011"]
[Source "ChessBase"]
[SourceDate "2011.11.26"]
[SourceVersion "1"]
[SourceVersionDate "2011.11.26"]
[SourceQuality "1"]

1. d4 d5 2. c4 dxc4 3. e3 g6 4. Bxc4 Bg7 5. Nf3 Nh6 6. O-O O-O 7. Qb3 Nf5 8. Bd2 Nd6 9. Bd3 b6 10. Bc3 Nd7 11. Rd1 Bb7 12. Ne5 Ne4 13. f4 Nxe5 14. dxe5 Nc5 15. Qc2 Qc8 16. Na3 Rd8 17. Bc4 Be4 18. Rxd8+ Qxd8 19. Qe2 Qe8 20. Rd1 Rd8 21. Nb5 c6 22. Nd4 b5 23. Bb3 Nxb3 24. Nxb3 Rd5 25. Bd4 Qd8 26. Nc5 Bf5 27. g4 Be6 28. Rf1 Qc8 29. Qf2 Bxg4 30. e4 Rd8 31. Kh1 Be6 32. f5 gxf5 33. Rg1 Kh8 34. exf5 Bd5+ 0-1

[Event "Scarborough CC Falling Leaves"]
[Site "Toronto CAN"]
[Date "2009.11.05"]
[Round "1"]
[White "Bzikot, Robert"]
[Black "Rutherdale, William"]
[Result "1-0"]
[WhiteElo "2003"]
[BlackElo "1772"]
[PlyCount "82"]
[GameId "2160767910030431"]
[EventDate "2009.11.05"]
[EventType "swiss"]
[EventRounds "7"]
[EventCountry "CAN"]
[SourceTitle "EXT 2011"]
[Source "ChessBase"]
[SourceDate "2011.11.26"]
[SourceVersion "1"]
[SourceVersionDate "2011.11.26"]
[SourceQuality "1"]

1. e4 e5 2. Nf3 Nc6 3. Bb5 a6 4. Ba4 Nf6 5. O-O Be7 6. Re1 b5 7. Bb3 d6 8. h3 O-O 9. c3 Na5 10. Bc2 c5 11. d4 Nd7 12. Nbd2 exd4 13. cxd4 Nc6 14. Nf1 Re8 15. Bf4 Nf8 16. Rc1 Ng6 17. Bg3 c4 18. d5 Nb4 19. Bb1 a5 20. Ne3 Bf6 21. Qd2 Ne5 22. Nxe5 Bxe5 23. f4 Bf6 24. a4 Nd3 25. Bxd3 cxd3 26. Qxd3 bxa4 27. Nc4 Ba6 28. e5 dxe5 29. fxe5 Bg5 30. Rc3 Bxc4 31. Rxc4 Qb6+ 32. Kh2 Qxb2 33. Rxa4 g6 34. Rea1 Qb6 35. Qc3 Rec8 36. Qe1 Bd8 37. d6 Qc6 38. e6 fxe6 39. Qxe6+ Kg7 40. Be5+ Kh6 41. Qf7 Bh4 1-0

[Event "Scarborough CC Falling Leaves"]
[Site "Toronto CAN"]
[Date "2009.11.05"]
[Round "1"]
[White "Casareno, Erwin"]
[Black "Conte, Michael"]
[Result "1-0"]
[WhiteElo "2203"]
[BlackElo "1802"]
[PlyCount "61"]
[GameId "2160767910030432"]
[EventDate "2009.11.05"]
[EventType "swiss"]
[EventRounds "7"]
[EventCountry "CAN"]
[SourceTitle "EXT 2011"]
[Source "ChessBase"]
[SourceDate "2011.11.26"]
[SourceVersion "1"]
[SourceVersionDate "2011.11.26"]
[SourceQuality "1"]

1. e4 c6 2. c4 d5 3. cxd5 cxd5 4. exd5 Qxd5 5. Nc3 Qa5 6. d4 Nf6 7. Bc4 g6 8. Qb3 e6 9. Nf3 Bg7 10. O-O O-O 11. Ne5 a6 12. Bd2 Qc7 13. Rac1 Nbd7 14. Bf4 Qa5 15. Nxf7 Rxf7 16. Bxe6 Qb6 17. Bxf7+ Kf8 18. Qc4 Qc6 19. Qxc6 bxc6 20. Bb3 Ne8 21. Rfe1 Ndf6 22. Na4 Bd7 23. Nb6 Rd8 24. Nxd7+ Rxd7 25. Rxc6 Rxd4 26. Be3 Ng4 27. Bxd4 Bxd4 28. Re2 Ngf6 29. Rxa6 Kg7 30. Rae6 Kh6 31. Rxe8 1-0

[Event "Scarborough CC Falling Leaves"]
[Site "Toronto CAN"]
[Date "2009.11.05"]
[Round "1"]
[White "Garel, Rick"]
[Black "Moran-Venegas, Mario"]
[Result "1-0"]
[WhiteElo "1940"]
[BlackElo "1718"]
[PlyCount "52"]
[GameId "2160767910030433"]
[EventDate "2009.11.05"]
[EventType "swiss"]
[EventRounds "7"]
[EventCountry "CAN"]
[SourceTitle "EXT 2011"]
[Source "ChessBase"]
[SourceDate "2011.11.26"]
[SourceVersion "1"]
[SourceVersionDate "2011.11.26"]
[SourceQuality "1"]

1. e4 c5 2. Nc3 Nc6 3. f4 d6 4. Nf3 g6 5. Bc4 Bg7 6. O-O Nf6 7. a3 O-O 8. d3 Bg4 9. Be3 Rb8 10. Qe1 a6 11. Qh4 b5 12. Ba2 b4 13. Nd5 Bxf3 14. Rxf3 Nxd5 15. Bxd5 Nd4 16. Rh3 h5 17. f5 Bf6 18. Bg5 Bxg5 19. Qxg5 Kg7 20. Bxf7 Ne2+ 21. Kh1 Nf4 22. Be6 Rf6 23. Qxf4 bxa3 24. b3 Qa5 25. e5 dxe5 26. Qxe5 Rh8 1-0

[Event "Scarborough CC Falling Leaves"]
[Site "Toronto CAN"]
[Date "2009.11.05"]
[Round "1"]
[White "Gillis, Doug"]
[Black "Wu, Kevin"]
[Result "1/2-1/2"]
[WhiteElo "1694"]
[BlackElo "1930"]
[PlyCount "71"]
[GameId "2160767910030434"]
[EventDate "2009.11.05"]
[EventType "swiss"]
[EventRounds "7"]
[EventCountry "CAN"]
[SourceTitle "EXT 2011"]
[Source "ChessBase"]
[SourceDate "2011.11.26"]
[SourceVersion "1"]
[SourceVersionDate "2011.11.26"]
[SourceQuality "1"]

1. e4 c5 2. Nf3 d6 3. d4 cxd4 4. Qxd4 a6 5. Be3 Nc6 6. Qb6 Bd7 7. Nc3 Nf6 8. Nd5 Nxd5 9. exd5 Qxb6 10. Bxb6 Nb4 11. O-O-O Bf5 12. c3 Nxa2+ 13. Kd2 Be4 14. Bc4 Nxc3 15. bxc3 g6 16. Rhe1 Bh6+ 17. Be3 Bxf3 18. gxf3 Bxe3+ 19. Rxe3 Kd7 20. Rb1 b5 21. Bd3 e6 22. dxe6+ fxe6 23. c4 bxc4 24. Bxc4 d5 25. Bf1 Rhb8 26. Reb3 Rxb3 27. Rxb3 Kc6 28. Ra3 a5 29. Re3 Kd6 30. Bh3 e5 31. f4 e4 32. f3 exf3 33. Rxf3 a4 34. Kc2 a3 35. Kb1 Rb8+ 36. Ka1 1/2-1/2

[Event "Scarborough CC Falling Leaves"]
[Site "Toronto CAN"]
[Date "2009.11.05"]
[Round "1"]
[White "Lin, Tony (Juntao)"]
[Black "Maister, Martin"]
[Result "0-1"]
[WhiteElo "1652"]
[BlackElo "1880"]
[PlyCount "84"]
[GameId "2160767910030435"]
[EventDate "2009.11.05"]
[EventType "swiss"]
[EventRounds "7"]
[EventCountry "CAN"]

1. e4 c5 2. d4 cxd4 3. c3 Nf6 4. e5 Nd5 5. Nf3 Nc6 6. cxd4 e6 7. Be2 Qa5+ 8. Nbd2 Nf4 9. O-O Nxe2+ 10. Qxe2 Be7 11. Nc4 Qc7 12. b3 b5 13. Ne3 a6 14. Bb2 d5 15. Rac1 Qd7 16. Nd2 O-O 17. f4 f6 18. Qg4 f5 19. Qe2 b4 20. Rf3 a5 21. Rh3 g6 22. Nf3 Ba6 23. Qf2 Rfc8 24. Rg3 Nd8 25. Rd1 Nf7 26. h4 Kh8 27. Ng5 Nxg5 28. hxg5 Bf8 29. Rh3 Rc7 30. g4 Rac8 31. Rd2 a4 32. bxa4 Qxa4 33. gxf5 gxf5 34. g6 Qxa2 35. Rxh7+ Rxh7 36. gxh7 Rc7 37. Qh4 Qb1+ 38. Kf2 Rg7 39. Nd1 Qe4 40. Ne3 Be7 41. Qh5 Qxf4+ 42. Qf3 Qh4+ 0-1

[Event "Scarborough CC Falling Leaves"]
[Site "Toronto CAN"]
[Date "2009.11.05"]
[Round "1"]
[White "Peng, Bill"]
[Black "Poirier, Vincent"]
[Result "1-0"]
[WhiteElo "2142"]
[BlackElo "1780"]
[PlyCount "83"]
[GameId "2160767910030436"]
[EventDate "2009.11.05"]
[EventType "swiss"]
[EventRounds "7"]
[EventCountry "CAN"]
[SourceTitle "EXT 2011"]
[Source "ChessBase"]
[SourceDate "2011.11.26"]
[SourceVersion "1"]
[SourceVersionDate "2011.11.26"]
[SourceQuality "1"]

1. e4 c5 2. Nc3 a6 3. g3 d6 4. Bg2 Nf6 5. d3 e6 6. Nf3 Nc6 7. O-O Be7 8. Bf4 O-O 9. e5 dxe5 10. Nxe5 Nxe5 11. Bxe5 Nd7 12. Bf4 e5 13. Be3 Nf6 14. h3 Rb8 15. Kh2 b5 16. Qd2 Bb7 17. Ne4 Nxe4 18. Bxe4 Bxe4 19. dxe4 Qc7 20. f4 Rbd8 21. Qc3 exf4 22. Bxf4 Qc6 23. Rae1 Rd4 24. Qf3 Rc4 25. Re2 g5 26. c3 b4 27. Bd2 bxc3 28. Bxc3 f5 29. exf5 Qxf3 30. Rxf3 Bf6 31. Bxf6 Rxf6 32. g4 Rh6 33. Kg3 Rd6 34. f6 Rd7 35. Re5 h6 36. Re8+ Kf7 37. Rh8 Kg6 38. Rg8+ Kf7 39. Rg7+ Ke6 40. Rxd7 Kxd7 41. f7 Rf4 42. f8=Q 1-0

[Event "Scarborough CC Falling Leaves"]
[Site "Toronto CAN"]
[Date "2009.11.05"]
[Round "1"]
[White "Radpey, Abdolreza"]
[Black "Marcille, Gord"]
[Result "1-0"]
[WhiteElo "1508"]
[BlackElo "1842"]
[PlyCount "113"]
[GameId "2160767910030437"]
[EventDate "2009.11.05"]
[EventType "swiss"]
[EventRounds "7"]
[EventCountry "CAN"]
[SourceTitle "EXT 2011"]
[Source "ChessBase"]
[SourceDate "2011.11.26"]
[SourceVersion "1"]
[SourceVersionDate "2011.11.26"]
[SourceQuality "1"]

1. Nf3 Nc6 2. d4 d5 3. c4 Nf6 4. Nc3 Bf5 5. a3 e6 6. Bf4 Nh5 7. Bd2 Be7 8. h3 Nf6 9. Bf4 O-O 10. e3 Be4 11. Nd2 Bd6 12. Bh2 Bxh2 13. Ndxe4 Nxe4 14. Nxe4 dxe4 15. Rxh2 e5 16. d5 Na5 17. b4 c5 18. bxa5 Qxa5+ 19. Qd2 Qa6 20. Be2 f5 21. Qc3 Qd6 22. Rb1 b6 23. f3 exf3 24. gxf3 f4 25. Rg2 Rae8 26. e4 Qd7 27. Rh2 Rf6 28. Kf2 Rh6 29. Rbh1 Rh4 30. Bf1 Qa4 31. Rg1 Rh6 32. Rg5 Qd1 33. Bd3 a5 34. Qc2 Qa1 35. Qa4 Rf8 36. Ke2 Qb2+ 37. Bc2 Qc3 38. Qb3 Qd4 39. Qd3 Qa1 40. h4 Rff6 41. h5 Rfg6 42. Rxg6 hxg6 43. d6 Qg1 44. Rf2 Qg5 45. d7 Qd8 46. Qd5+ Kh7 47. hxg6+ Kxg6 48. Qe6+ Kh7 49. Qf5+ Kg8 50. Ba4 Rd6 51. Rh2 Qe7 52. Qh7+ Kf7 53. Rg2 Qf6 54. Qh8 g6 55. Qe8+ Kg7 56. Rh2 Qe6 57. Qh8+ 1-0

[Event "Scarborough CC Falling Leaves"]
[Site "Toronto CAN"]
[Date "2009.11.05"]
[Round "1"]
[White "Rapoport, Alexander"]
[Black "Kurkowski, Ken"]
[Result "1-0"]
[WhiteElo "1870"]
[BlackElo "1635"]
[PlyCount "65"]
[GameId "2160767910030438"]
[EventDate "2009.11.05"]
[EventType "swiss"]
[EventRounds "7"]
[EventCountry "CAN"]

1. d4 e6 2. e4 d5 3. Nd2 c5 4. exd5 Qxd5 5. Ngf3 cxd4 6. Bc4 Qd8 7. O-O Nc6 8. Nb3 Nf6 9. Nbxd4 Nxd4 10. Qxd4 Qxd4 11. Nxd4 a6 12. Bf4 Be7 13. a4 O-O 14. Rfd1 Bd7 15. Be2 Rac8 16. Bf3 Nd5 17. Bg3 Rfd8 18. c3 Be8 19. a5 Bf6 20. h3 Rc4 21. Nf5 Bc6 22. Nd6 Ra4 23. Rxa4 Bxa4 24. Rd3 Bc6 25. Nc4 h6 26. Ne5 Bxe5 27. Bxe5 Kf8 28. c4 f6 29. Bg3 e5 30. cxd5 e4 31. Bxe4 Re8 32. dxc6 Rxe4 33. cxb7 1-0

[Event "Scarborough CC Falling Leaves"]
[Site "Toronto CAN"]
[Date "2009.11.05"]
[Round "1"]
[White "Sellars, Karl"]
[Black "Paterson, Jim"]
[Result "1/2-1/2"]
[WhiteElo "2265"]
[BlackElo "1826"]
[PlyCount "76"]
[GameId "2160767910030439"]
[EventDate "2009.11.05"]
[EventType "swiss"]
[EventRounds "7"]
[EventCountry "CAN"]
[SourceTitle "EXT 2011"]
[Source "ChessBase"]
[SourceDate "2011.11.26"]
[SourceVersion "1"]
[SourceVersionDate "2011.11.26"]
[SourceQuality "1"]

1. d4 e6 2. c4 f5 3. g3 Nf6 4. Bg2 c6 5. Nh3 d5 6. O-O Be7 7. b3 O-O 8. Ba3 Na6 9. Nf4 Nc7 10. Qc1 Bxa3 11. Nxa3 Qe7 12. Rd1 Bd7 13. Qb2 Rad8 14. Nc2 Be8 15. Ne1 g5 16. Nfd3 Nd7 17. Nf3 Bg6 18. h4 gxh4 19. Nxh4 Ne8 20. Rac1 Ng7 21. e3 Nh5 22. cxd5 exd5 23. b4 a6 24. a4 Nb6 25. Qb3 Be8 26. Nf3 Nc4 27. Ra1 Nf6 28. Nfe5 Nxe5 29. Nxe5 Ne4 30. Bf1 Qg5 31. Ra2 Bh5 32. Rc1 Rd6 33. b5 axb5 34. axb5 Be8 35. Rcc2 Rh6 36. Ra7 Qh5 37. Bg2 Qd1+ 38. Bf1 Qh5 1/2-1/2